000 00523 a2200157 4500
020 _a8485334523 (hard)
020 _a 9788485334520
041 _aspa
100 _aInnocenti, Roberto
245 1 0 _aRosa Blanca / idea y acuarelas de Roberto Innocenti ; texto de Christophe Gallaz ; version castellana de Maribel G. Martn̕ez.
260 _aSalamanca : Loguez, 2016.
300 _a1 volume (unnumbered) : color illustrations ;
_c28 cm
700 1 0 _aGallaz, Christophe
700 1 0 _aMartn̕ez, Maribel G.
942 _cBK
999 _c21352
_d21352